Jak na financování podnikání

Rôzne zdroje a možnosti financovania plynulého podnikania. Použitie vlastného a cudzích zdrojov financovania. Názory podnikateľov, ktorí majú skúsenosti s financovaním svojich podnikateľkých aktivít.

Saved in:
Bibliographic Details
Main Author: Janda, Josef
Format: Book Chapter
Language:Czech
Subjects:
Tags: Add Tag
No Tags, Be the first to tag this record!

MARC

LEADER 00000naa a2200000 4500
001 0185597
005 20231211083120.5
041 0 |a cze 
044 |a CZ 
245 1 0 |a Jak na financování podnikání  |c Josef Janda 
520 |a Rôzne zdroje a možnosti financovania plynulého podnikania. Použitie vlastného a cudzích zdrojov financovania. Názory podnikateľov, ktorí majú skúsenosti s financovaním svojich podnikateľkých aktivít. 
610 2 0 |a financovanie podnikov 
610 2 0 |a formy podnikov 
610 2 0 |a podnikanie 
610 2 0 |a financovanie cudzie 
610 2 0 |a financovanie vlastné 
610 2 0 |a formy financovania 
100 1 |a Janda, Josef